01517nam a2200181 a 4500020003500000020004000035040000800075082002600083100002300109245002800132260008700160300003900247520081700286856005501103942001001158999001701168952015001185 a0813309263 (U.S. : alk. paper) a1863731156 (Australia : alk. paper) cDLC00a959 DAV 1982 C096 Or.1 aChandler, David P.12aA history of Cambodia / aBoulder :bWestview Press ;aNorth Sydney, NSW, Australia :bAllen & Unwin,c1992. axv, 287 p. :bill., maps ;c24 cm. a"This thoroughly revised and updated edition of A History of Cambodia provides a timely look at this increasingly visible Southeast Asian nation. Hailed by the Journal of Asian Studies as an "original contribution, superior to any other existing work," the first edition ended in 1953 with Cambodia's independence from France; the second carries the narrative forward to the peace negotiations of 1990. In the new material, Chandler focuses especially on the unstable but influential career of Prince Norodom Sihanouk, the bloody reign of Pol Pot's Khmer Rouge, and the relative calm that followed the Vietnamese invasion of 1979. This concise yet comprehensive work will illuminate--for specialists and general readers alike--the history and contemporary politics of a country long misunderstood."--BOOK JACKET.40uhttps://archive.org/details/historyofcambodi00chan cAEDBB c22343d22343 0010406959_000000000000000_DAV_1982_C096_OR70996669aLBCbLBCcC096d2023-12-06o959 DAV 1982 C096 Or.pa21488r2023-12-06w2023-12-06yAEDBB